000 00266nam a22001217a 4500
008 180202b xxu||||| |||| 00| 0 eng d
041 _aeng
080 _25 ed
_a33
100 _a52
101 _aeco
245 _aeconomics of strategy
_cdavid.b
942 _2udc
_cBK
999 _c41612
_d41612